Guía para el fortalecimiento de la cultura ambiental en el territorio Car (Registro nro. 19950)
[ vista simple ]
| 000 -CABECERA | |
|---|---|
| Campo de control | 00806nam a22002297a 4500 |
| 005 - FECHA Y HORA DE LA ULTIMA TRANSACCION | |
| Campo de control | 20200104041800.0 |
| 008 - ELEMENTOS DE LONGITUD FIJA—INFORMACION GENERAL | |
| Campo de control | 171103b xxu||||| |||| 00| 0 spa d |
| 040 ## - FUENTE DE CATALOGACIÓN | |
| Agencia catalogadora original | CO-BoIAVH |
| Agencia transcriptora | CO-BoIAVH |
| 041 ## - IDIOMA | |
| Código de idioma para texto/pista de sonido o título separado | Español |
| 044 ## - PAÍS DE PUBLICACIÓN | |
| País de publicación | Colombia |
| 090 ## - CLASIFICACIÓN LOCAL | |
| Colección | EA- |
| Consecutivo | 0425 |
| 110 2# - ASIENTO PRINCIPAL--NOMBRE CORPORATIVO | |
| Nombre corporativo o de jurisdicción como elemento de entrada | Corporación Autónoma Regional de Cundinamarca |
| 9 (RLIN) | 3054 |
| 245 10 - MENCION DE TITULO | |
| Título | Guía para el fortalecimiento de la cultura ambiental en el territorio Car |
| 260 ## - PUBLICACION, DISTRIBUCION, ETC. (PIE DE IMPRENTA) | |
| Lugar de publicación, distribución, etc. | Bogotá: |
| Nombre del editor, distribuidor, etc. | Corporación Autónoma Regional de Cundinamarca, |
| Fecha de publicación, distribución, etc. | s. f.. |
| 300 ## - DESCRIPCION FISICA | |
| Extensión | 74 páginas |
| Otros detalles físicos | ilustraciones |
| Dimensiones | 22 x 18 cm |
| 650 14 - ASIENTO SECUNDARIO DE MATERIA - TERMINO TEMATICO | |
| Término temático o nombre geográfico como elemento de entrada | Educación ambiental |
| 9 (RLIN) | 162 |
| 650 14 - ASIENTO SECUNDARIO DE MATERIA - TERMINO TEMATICO | |
| Término temático o nombre geográfico como elemento de entrada | Recurso hidrico |
| Subdivisión de forma | Conservación |
| 9 (RLIN) | 86656 |
| 650 14 - ASIENTO SECUNDARIO DE MATERIA - TERMINO TEMATICO | |
| Término temático o nombre geográfico como elemento de entrada | Recursos naturales |
| Subdivisión de forma | Aprovechamiento sostenible |
| 9 (RLIN) | 86657 |
| 650 14 - ASIENTO SECUNDARIO DE MATERIA - TERMINO TEMATICO | |
| Término temático o nombre geográfico como elemento de entrada | Cambio climatico |
| 9 (RLIN) | 86658 |
| 710 ## - ASIENTO SECUNDARIO - NOMBRE CORPORATIVO | |
| Nombre corporativo o de jurisdicción como elemento de entrada | Ecopetrol |
| 9 (RLIN) | 86659 |
| 942 ## - ELEMENTOS ADICIONALES (KOHA) | |
| Sistema de clasificación | Dewey Decimal Classification |
| Tipo de ítem | Libro |
| Withdrawn status | Lost status | Sistema de Clasificación | Damaged status | No para préstamo | Colección | Ubicación Permanente | Ubicación actual | Fecha de adquisición | Total Checkouts | Número topográfico | Inventario / Código de Barras | Date last seen | Date checked out | Ejemplar | Price effective from | Forma de adquisición | Tipo de material |
|---|---|---|---|---|---|---|---|---|---|---|---|---|---|---|---|---|---|
| Local | Educación Ambiental | Bogotá | Bogotá | 03/11/2017 | 1 | EA-0432 | 041940 | 16/02/2018 | 16/02/2018 | Ej. 1 | 03/11/2017 | Canje | Folleto |